| Tag |
First Indicator |
Second Indicator |
Subfields |
| LEADER |
00000cam a2200000 4500 |
| 001 |
in00000044953 |
| 005 |
20151007065139.0 |
| 008 |
780921s1947 enka 00000 eng |
| 010 |
|
|
|a 48014287
|
| 035 |
|
|
|a (OCoLC)04241984
|
| 035 |
|
|
|9 AAE1385AM
|
| 040 |
|
|
|a DLC
|c DCU
|d TXA
|d UtOrBLW
|
| 049 |
|
|
|a TXAM
|c [173648]
|
| 050 |
0 |
0 |
|a QE434
|b .W4
|
| 082 |
0 |
|
|a 543.6
|
| 092 |
|
|
|a 543.6
|b W362p
|
| 100 |
1 |
|
|a Weatherhead, A. V.
|
| 245 |
1 |
0 |
|a Petrographic micro-technique ;
|b a practical handbook for the preparation of thin sections of rocks for use with the petrological microscope /
|c With a foreword by A. K. Wells.
|
| 264 |
|
1 |
|a London :
|b A. Barron,
|c [1947]
|
| 300 |
|
|
|a x, 98 pages :
|b illustrations ;
|c 22 cm.
|
| 336 |
|
|
|a text
|b txt
|2 rdacontent
|
| 337 |
|
|
|a unmediated
|b n
|2 rdamedia
|
| 338 |
|
|
|a volume
|b nc
|2 rdacarrier
|
| 650 |
|
0 |
|a Rocks
|x Analysis.
|
| 999 |
|
|
|a MARS
|
| 999 |
f |
f |
|s 83c42f2d-3424-35c6-890a-fe826cf0a739
|i 46cbefc1-658a-3d89-8892-af95d78f9616
|t 0
|
| 952 |
f |
f |
|p ric
|a Texas A&M University
|b Rellis Campus
|c Joint Library Facility
|d Remote Storage
|t 0
|e QE434 .W4
|h Library of Congress classification
|i unmediated -- volume
|m A14800939688
|
| 998 |
f |
f |
|a QE434 .W4
|t 0
|l Remote Storage
|